000 00344nam a2200133Ia 4500
008 100328s9999 xx 000 0 und d
082 _b39644
100 _aगस्ती भीमराव
245 _aआक्रोश
260 _bराजहंस
630 _aआक्रोश
730 _aआक्रोश
942 _cBOOK
999 _c528545
_d528542